| 000 | 01235cam a2200301 i 4500 | ||
|---|---|---|---|
| 001 | 38274 | ||
| 003 | Mx-PuUPA | ||
| 005 | 20240410103802.0 | ||
| 008 | 140415s2012 mx a dr 001 0 spa d | ||
| 020 | _a9786071506894 | ||
| 040 |
_cMx-PuUPA _aMx-PuUPA _bspa _dMx-PuUPA _erda |
||
| 041 | 1 |
_aspa _heng |
|
| 100 | 1 |
_aFeldman, Robert S., _q(Robert Stephen), _d1947- _911023 _eautor |
|
| 240 | 1 | 0 |
_aEssentials of understanding psychology. _lEspañol |
| 245 | 1 | 0 |
_aPsicología para bachillerato / _cRobert S. Felman ; adaptación, María Elena Ortiz Salinas ; traducción, José Luis Núñez Herrejón y Enrique Palos Báez |
| 250 | _aPrimera edición | ||
| 264 | 1 |
_aMéxico, D.F. : _bMcGraw-Hill / Interamericana Editores, _c2012 |
|
| 300 |
_a1 volumen (paginación varía) : _bilustraciones ; _c27 cm |
||
| 336 |
_2rdacontent _atexto _btxt |
||
| 337 |
_2rdamedia _asin medio _bn |
||
| 338 |
_2rdacarrier _avolumen _bnc |
||
| 650 | 7 |
_2armarc _aPsicología |
|
| 650 | 7 |
_2armarc _aPsicología _xLibros de texto |
|
| 765 | 0 |
_aFeldman, Robert S., (Robert Stephen), 1947- _bOctava edición _tEssentials of understanding psychology. _z9780073370200 |
|
| 942 |
_2ddc _cLI _h150 _iF35 |
||
| 999 |
_c38274 _d38274 |
||